Statistics for New Orleans Pelicans 2010's Starters

Click here to take the quiz!

General Stats

  • This quiz has been taken 378 times
    (338 since last reset)
  • The average score is 8 of 28

Answer Stats

PlayerStarts% Correct
Anthony Davis7
100%
Chris Paul2
83%
Jrue Holiday5
83%
DeMarcus Cousins1
79%
David West2
55%
Rajon Rondo1
55%
Eric Gordon4
44%
Jason Smith1
33%
E'Twaun Moore2
32%
Julius Randle1
25%
Peja Stojakovic1
25%
Tyreke Evans2
24%
Emeka Okafor2
21%
Omer Asik2
21%
Jarrett Jack1
20%
Solomon Hill1
17%
Elfrid Payton1
14%
Trevor Ariza2
13%
Buddy Hield1
11%
Al-Farouq Aminu2
9%
Chris Kaman1
9%
Marco Belinelli2
9%
Dante Cunningham2
8%
Greivis Vasquez1
7%
Robin Lopez1
7%
Morris Peterson1
5%
Brian Roberts1
4%
Alonzo Gee1
2%

Score Distribution

Percentile by Number Answered

Percent of People with Each Score

Your Score History

You have not taken this quiz since the last reset